000 00318nam a2200109Ia 4500
008 200302s9999 xx 000 0 und d
100 _aRohit Arya
245 _aVaastu - Design and Decorate Homes to reflect eternal Spiritual Principles
260 _bDestiny Books Rochester,Vermont
260 _c2000
300 _a118 P.,
999 _c4330
_d4330